[Event "Hastings Masters op 98th"]
[Site "Hastings"]
[Date "2024.12.28"]
[Round "1"]
[White "Sciupokas, Arunas"]
[Black "Rubeck, Jonathan"]
[Result "0-1"]
[WhiteElo "1969"]
[BlackElo "1824"]
[PlyCount "72"]
[EventDate "2024.12.28"]
[EventType "swiss"]
[EventRounds "9"]
[EventCountry "ENG"]
[SourceTitle "CB02_2025"]
[SourceDate "2025.01.08"]
[SourceVersion "1"]
[SourceVersionDate "2025.01.08"]
[SourceQuality "1"]

1. e4 d5 2. exd5 Nf6 3. c4 e6 4. dxe6 Bxe6 5. Nf3 Nc6 6. Be2 Bc5 7. Nc3 a5 8. 0-0 0-0 9. d3 h6 10. Bf4 Qe7 11. Nb5 Rac8 12. d4 Rfd8 13. Qa4 Nxd4 14. Nbxd4 Bxd4 15. Nxd4 Rxd4 16. Be3 Re4 17. Qxa5 Bxc4 18. Bxc4 Rxc4 19. Rac1 Re4 20. Qf5 Re6 21. Rfd1 c6 22. h3 Ra8 23. a3 Nd5 24. Bc5 Qd7 25. Qg4 Qc7 26. Bd4 Rg6 27. Qe4 Qd7 28. Qf3 Qd6 29. Re1 Qf4 30. Qe4 Qg5 31. Be3 Qh5 32. Kf1 Nf6 33. Qd3 Ra5 34. Qd8+ Kh7 35. Qd1 Qe5 36. Bb6 Qb5+ 0-1

[Event "EU-ch Seniors 65"]
[Site "Lignano Sabbiadoro"]
[Date "2024.10.25"]
[Round "1"]
[White "Ftacnik, Lubomir"]
[Black "Sciupokas, Arunas"]
[Result "1-0"]
[WhiteElo "2444"]
[BlackElo "1972"]
[PlyCount "97"]
[EventDate "2024.10.25"]
[EventType "swiss"]
[EventRounds "9"]
[EventCountry "ITA"]
[SourceTitle "CB45_2024"]
[Source "ChessBase"]
[SourceDate "2024.11.06"]
[SourceVersion "1"]
[SourceVersionDate "2024.11.06"]
[SourceQuality "1"]

1. Nf3 Nf6 2. c4 c6 3. Nc3 d5 4. e3 e6 5. b3 Bd6 6. Qc2 Nbd7 7. d4 0-0 8. Be2 e5 9. cxd5 Nxd5 10. Nxd5 cxd5 11. dxe5 Nxe5 12. Bb2 Qe7 13. 0-0 Nxf3+ 14. Bxf3 Be6 15. Rfd1 Rad8 16. Rac1 Rc8 17. Qd2 Rxc1 18. Rxc1 Ba3 19. Bxa3 Qxa3 20. h3 h6 21. Rc2 b6 22. Qd4 Qa5 23. g4 Qe1+ 24. Kg2 Qa5 25. Rd2 Rc8 26. Bxd5 Bxd5+ 27. Qxd5 Qxd5+ 28. Rxd5 Rc2 29. Rd8+ Kh7 30. Rd7 Rxa2 31. Rxf7 b5 32. Rb7 a6 33. Kg3 Ra3 34. Rb6 Kg8 35. Kf4 Kf7 36. Kf5 Rxb3 37. Rxa6 Rb2 38. f4 Rc2 39. Ra7+ Kg8 40. e4 Rc6 41. Rb7 Rc5+ 42. e5 Kh7 43. Ke6 h5 44. f5 Kh6 45. gxh5 Kxh5 46. Rxg7 Rc6+ 47. Kd5 Rb6 48. f6 Kh6 49. Rg8 1-0

[Event "EU-ch Seniors 65 21st"]
[Site "Lublin"]
[Date "2022.07.07"]
[Round "3"]
[White "Sciupokas, Arunas"]
[Black "Wagner Michel, Annett"]
[Result "1/2-1/2"]
[WhiteElo "1960"]
[BlackElo "2056"]
[PlyCount "71"]
[EventDate "2022.07.05"]
[EventType "swiss"]
[EventRounds "9"]
[EventCountry "POL"]
[SourceTitle "CBM 209 Extra"]
[Source "ChessBase"]
[SourceDate "2022.09.30"]
[SourceVersion "1"]
[SourceVersionDate "2022.09.30"]
[SourceQuality "1"]

1. e4 c5 2. Nf3 Nc6 3. Bb5 g6 4. 0-0 Bg7 5. Re1 e5 6. Bxc6 dxc6 7. d3 Qc7 8. Be3 b6 9. a4 Nh6 10. a5 Rb8 11. axb6 axb6 12. h3 f6 13. b4 cxb4 14. Qd2 Nf7 15. Qxb4 Qd6 16. Qxd6 Nxd6 17. Nc3 0-0 18. Na4 b5 19. Bc5 Rd8 20. Ba7 Rb7 21. Nc5 Rf7 22. Bb6 Re8 23. Ra8 Bf8 24. Rea1 Nb7 25. Nxb7 Rxb7 26. Be3 Bd7 27. Nd2 Rxa8 28. Rxa8 Kf7 29. Nb3 Rc7 30. Bb6 Rc8 31. Ra7 Ke8 32. Bc5 Be7 33. Bxe7 Kxe7 34. Nc5 Rd8 35. Nb7 Rc8 36. Nc5 1/2-1/2

[Event "EU-ch Seniors 65 21st"]
[Site "Lublin"]
[Date "2022.07.05"]
[Round "1"]
[White "Sciupokas, Arunas"]
[Black "Renman, Nils Gustaf"]
[Result "0-1"]
[WhiteElo "1960"]
[BlackElo "2311"]
[PlyCount "58"]
[EventDate "2022.07.05"]
[EventType "swiss"]
[EventRounds "9"]
[EventCountry "POL"]
[SourceTitle "CBM 209 Extra"]
[Source "ChessBase"]
[SourceDate "2022.09.30"]
[SourceVersion "1"]
[SourceVersionDate "2022.09.30"]
[SourceQuality "1"]

1. e4 e6 2. d4 d5 3. e5 c5 4. c3 Nc6 5. Nf3 Qb6 6. Be2 cxd4 7. cxd4 Nh6 8. Bd3 Bd7 9. Bc2 Nb4 10. Nc3 Nxc2+ 11. Qxc2 Nf5 12. Qd3 Rc8 13. 0-0 Bb4 14. Rd1 Bxc3 15. bxc3 Bb5 16. Qd2 Qa5 17. Qb2 0-0 18. Rb1 Ba6 19. Qb4 Qxb4 20. cxb4 Be2 21. Rd2 Bxf3 22. gxf3 Rc4 23. Rd3 Nxd4 24. Kg2 Nc6 25. Ba3 b5 26. Re3 Rc8 27. Kg3 g5 28. Rb2 Kg7 29. Rbe2 Nd4 0-1

[Event "Wch Seniors 65 29th"]
[Site "Bucharest"]
[Date "2019.11.20"]
[Round "8"]
[White "Sciupokas, Arunas"]
[Black "Van Herck, Marcel"]
[Result "0-1"]
[WhiteElo "2016"]
[BlackElo "2116"]
[PlyCount "90"]
[EventDate "2019.11.12"]
[EventType "swiss"]
[EventRounds "11"]
[EventCountry "ROU"]
[SourceTitle "CBM 193 Extra"]
[Source "ChessBase"]
[SourceDate "2020.01.31"]
[SourceVersion "1"]
[SourceVersionDate "2020.01.31"]
[SourceQuality "1"]

1. e4 e6 2. d4 d5 3. Nd2 Be7 4. Ngf3 Nf6 5. Bd3 c5 6. exd5 Qxd5 7. dxc5 Nbd7 8. c6 Qxc6 9. Qe2 a6 10. 0-0 Nc5 11. Nc4 Nxd3 12. Qxd3 b5 13. Nce5 Qe4 14. Qc3 0-0 15. Re1 Bb4 16. Rxe4 Bxc3 17. Re2 Ba5 18. Bd2 Bc7 19. Bb4 Re8 20. Rd1 Nd5 21. Bc5 Bb7 22. Ree1 f6 23. Ng4 Rad8 24. Nd4 Kf7 25. a3 h5 26. Ne3 Nxe3 27. fxe3 Be4 28. c3 e5 29. Nf3 Ke6 30. Kf2 g5 31. Ng1 Rxd1 32. Rxd1 Rd8 33. Rxd8 Bxd8 34. Ne2 Kd5 35. Bf8 Kc4 36. Nc1 h4 37. g3 h3 38. Bd6 Kd5 39. Bf8 f5 40. Bh6 Be7 41. Ke2 Ke6 42. Nd3 Bxd3+ 43. Kxd3 Kf6 44. c4 Kg6 45. cxb5 axb5 0-1

[Event "Wch Seniors 65 29th"]
[Site "Bucharest"]
[Date "2019.11.15"]
[Round "4"]
[White "Sciupokas, Arunas"]
[Black "Cornea, Alexandru"]
[Result "1/2-1/2"]
[WhiteElo "2016"]
[BlackElo "1675"]
[PlyCount "48"]
[EventDate "2019.11.12"]
[EventType "swiss"]
[EventRounds "11"]
[EventCountry "ROU"]
[SourceTitle "CBM 193 Extra"]
[Source "ChessBase"]
[SourceDate "2020.01.31"]
[SourceVersion "1"]
[SourceVersionDate "2020.01.31"]
[SourceQuality "1"]

1. e4 e6 2. d4 d5 3. Nd2 Nf6 4. e5 Nfd7 5. Bd3 c5 6. c3 Nc6 7. Ne2 Qb6 8. Nf3 cxd4 9. cxd4 Bb4+ 10. Bd2 f6 11. exf6 Nxf6 12. 0-0 0-0 13. Bxb4 Nxb4 14. Bb1 Qd6 15. Ng3 Bd7 16. a3 Nc6 17. b4 e5 18. dxe5 Nxe5 19. Nxe5 Qxe5 20. Ra2 Rae8 21. Bd3 Qc3 22. Ne2 Qc7 23. Qc1 Qb8 24. Ng3 a6 1/2-1/2

[Event "EU-ch Seniors 65 19th"]
[Site "Rhodes"]
[Date "2019.04.12"]
[Round "7"]
[White "Anguera Maestro, Jaime"]
[Black "Sciupokas, Arunas"]
[Result "1/2-1/2"]
[WhiteElo "2039"]
[BlackElo "2008"]
[PlyCount "65"]
[EventDate "2019.04.06"]
[EventType "swiss"]
[EventRounds "9"]
[EventCountry "GRE"]
[SourceTitle "CBM 189 Extra"]
[Source "ChessBase"]
[SourceDate "2019.05.31"]
[SourceVersion "1"]
[SourceVersionDate "2019.05.31"]
[SourceQuality "1"]

1. d4 Nc6 2. Nf3 d6 3. Bf4 Bg4 4. Nbd2 Nf6 5. c3 e6 6. Qb3 Qc8 7. e4 Bxf3 8. gxf3 e5 9. Be3 Be7 10. h4 exd4 11. cxd4 0-0 12. h5 a5 13. a3 a4 14. Qc2 Ra5 15. Bd3 Rxh5 16. Rxh5 Nxh5 17. 0-0-0 Qh3 18. f4 Nxf4 19. Bxf4 Nxd4 20. Bf1 Qg4 21. Qd3 Nb3+ 22. Nxb3 Qxf4+ 23. Qd2 Qxe4 24. Nd4 Bf6 25. Ne2 h6 26. Nc3 Qc6 27. Bd3 d5 28. Kb1 Rd8 29. Rc1 Qe8 30. Ne2 c6 31. Ng3 Bg5 32. f4 Bf6 33. Nh5 1/2-1/2

[Event "EU-ch Seniors 65 19th"]
[Site "Rhodes"]
[Date "2019.04.07"]
[Round "2"]
[White "Lembidakis, Michael"]
[Black "Sciupokas, Arunas"]
[Result "1/2-1/2"]
[WhiteElo "1617"]
[BlackElo "2008"]
[PlyCount "31"]
[EventDate "2019.04.06"]
[EventType "swiss"]
[EventRounds "9"]
[EventCountry "GRE"]
[SourceTitle "CBM 189 Extra"]
[Source "ChessBase"]
[SourceDate "2019.05.31"]
[SourceVersion "1"]
[SourceVersionDate "2019.05.31"]
[SourceQuality "1"]

1. e4 Nc6 2. Nf3 e5 3. Nc3 Nf6 4. d4 exd4 5. Nxd4 Bb4 6. Bg5 h6 7. Nxc6 bxc6 8. Bd2 0-0 9. Bd3 Re8 10. 0-0 d5 11. exd5 cxd5 12. Re1 Bg4 13. Rxe8+ Qxe8 14. Qe1 Qd7 15. Nxd5 Nxd5 16. Bxb4 1/2-1/2

[Event "Wch Seniors 65 28th"]
[Site "Bled"]
[Date "2018.11.21"]
[Round "4"]
[White "Vikulov, Alexander Sergeevic"]
[Black "Sciupokas, Arunas"]
[Result "1-0"]
[WhiteElo "2127"]
[BlackElo "1981"]
[PlyCount "51"]
[EventDate "2018.11.18"]
[EventType "swiss"]
[EventRounds "11"]
[EventCountry "SLO"]
[SourceTitle "CBM 187 Extra"]
[Source "ChessBase"]
[SourceDate "2018.11.04"]
[SourceVersion "1"]
[SourceVersionDate "2018.11.04"]
[SourceQuality "1"]

1. e4 Nc6 2. d4 e5 3. d5 Nce7 4. f4 exf4 5. Bxf4 Ng6 6. Bg3 Bc5 7. Nc3 Nh6 8. Na4 Bxg1 9. Rxg1 0-0 10. d6 cxd6 11. Qd5 Ng4 12. Bxd6 Qf6 13. Qd2 Re8 14. Nc3 Nf2 15. Be2 Nxe4 16. Nxe4 Rxe4 17. 0-0-0 Qe6 18. Bd3 Qxd6 19. Bxe4 Qxd2+ 20. Rxd2 Rb8 21. Bxg6 hxg6 22. Re1 d5 23. Re8+ Kh7 24. Rd4 Kh6 25. Rh4+ Kg5 26. Rhh8 1-0

[Event "Wch Seniors 65 28th"]
[Site "Bled"]
[Date "2018.11.19"]
[Round "2"]
[White "Tunik, Gennady"]
[Black "Sciupokas, Arunas"]
[Result "1/2-1/2"]
[WhiteElo "2365"]
[BlackElo "1981"]
[PlyCount "66"]
[EventDate "2018.11.18"]
[EventType "swiss"]
[EventRounds "11"]
[EventCountry "SLO"]
[SourceTitle "CBM 187 Extra"]
[Source "ChessBase"]
[SourceDate "2018.11.04"]
[SourceVersion "1"]
[SourceVersionDate "2018.11.04"]
[SourceQuality "1"]

1. d4 Nc6 2. Nf3 d5 3. Bf4 Nf6 4. e3 Bg4 5. h3 Bxf3 6. Qxf3 e6 7. a3 Bd6 8. Bg5 Be7 9. c4 0-0 10. Nc3 dxc4 11. Bxc4 e5 12. d5 Nxd5 13. Bxd5 Bxg5 14. Bxc6 bxc6 15. Qxc6 Qd3 16. Qe4 Qa6 17. 0-0-0 Rab8 18. Na4 Be7 19. Rd2 Bb4 20. axb4 Qxa4 21. Kb1 Qxb4 22. Qxb4 Rxb4 23. Rc1 Rb7 24. Rd7 Rfb8 25. Rc2 c6 26. Rxb7 Rxb7 27. Rxc6 Kf8 28. Kc2 Ke7 29. g4 Kd7 30. Ra6 Kc8 31. g5 Rc7+ 32. Kd3 Kb7 33. Ra2 Kb8 1/2-1/2

[Event "Telford 4NCL op-A 19th"]
[Site "Telford"]
[Date "2018.07.15"]
[Round "4"]
[White "Sciupokas, Arunas"]
[Black "Ifalore, Michael"]
[Result "1-0"]
[WhiteElo "1960"]
[BlackElo "1867"]
[PlyCount "141"]
[EventDate "2018.07.13"]
[EventType "swiss"]
[EventRounds "5"]
[EventCountry "ENG"]
[SourceTitle "CBM 185 Extra"]
[Source "ChessBase"]
[SourceDate "2018.07.29"]
[SourceVersion "1"]
[SourceVersionDate "2018.07.29"]
[SourceQuality "1"]

1. e4 e5 2. Nf3 Nc6 3. Bb5 a6 4. Ba4 Nf6 5. 0-0 Be7 6. Re1 b5 7. Bb3 d6 8. c3 0-0 9. h3 Nb8 10. d4 Nbd7 11. Nbd2 Bb7 12. Bc2 Re8 13. Nf1 Bf8 14. d5 c6 15. dxc6 Bxc6 16. Ng3 g6 17. Nh2 h5 18. Bg5 Qc7 19. Bb3 Qb7 20. Qf3 Kg7 21. Rad1 Be7 22. Qe3 d5 23. Bxf6+ Nxf6 24. exd5 Nxd5 25. Nxh5+ gxh5 26. Qxe5+ Bf6 27. Qxh5 Nf4 28. Qg4+ Ng6 29. Qf5 Bxg2 30. Ng4 Qf3 31. Qd7 Rf8 32. Nxf6 Bxh3 33. Bd5 Qxf6 34. Qxh3 Rh8 35. Qg3 Rh5 36. Kf1 Rd8 37. Qg2 Rg5 38. Qf3 Rf5 39. Qg3 Rh8 40. Rd4 Rhh5 41. Rg4 Kh7 42. Be4 Re5 43. Bxg6+ fxg6 44. Rxe5 Rxe5 45. Rxg6 Qxg6 46. Qxe5 Qb1+ 47. Kg2 Qxb2 48. Qh5+ Kg7 49. Qe5+ Kh7 50. Qe7+ Kh8 51. Qd8+ Kh7 52. Qa5 Qc2 53. Qxa6 Qxc3 54. Qxb5 Qg7+ 55. Kf3 Qc3+ 56. Kg4 Qd4+ 57. f4 Qd1+ 58. Kg5 Qd8+ 59. Kf5 Qc8+ 60. Kg5 Qd8+ 61. Kh5 Qd1+ 62. Kh4 Qh1+ 63. Kg5 Qg2+ 64. Kf6 Qg7+ 65. Kf5 Qf7+ 66. Ke4 Qxa2 67. Qf5+ Kg8 68. Qd5+ Qxd5+ 69. Kxd5 Kf8 70. Ke6 Ke8 71. f5 1-0

[Event "North Wales op 3rd"]
[Site "Llandudno"]
[Date "2018.06.23"]
[Round "2"]
[White "Sciupokas, Arunas"]
[Black "Niedbal, Piotr"]
[Result "1-0"]
[WhiteElo "1944"]
[BlackElo "1900"]
[PlyCount "59"]
[EventDate "2018.06.22"]
[EventType "swiss"]
[EventRounds "5"]
[EventCountry "WLS"]
[SourceTitle "EXT 2020"]
[Source "ChessBase"]
[SourceDate "2019.10.17"]
[SourceVersion "1"]
[SourceVersionDate "2019.10.17"]
[SourceQuality "1"]

1. e4 d5 2. exd5 Qxd5 3. Nc3 Qd6 4. d4 Nf6 5. Nf3 a6 6. Be2 Nc6 7. 0-0 Bg4 8. Na4 h6 9. c4 e6 10. Nc5 Rb8 11. Be3 Be7 12. b4 0-0 13. b5 axb5 14. cxb5 Na7 15. h3 Bh5 16. Rc1 Nd5 17. Ne5 Bxe2 18. Qxe2 Nf6 19. a4 Qd8 20. Qf3 Qc8 21. b6 Nc6 22. Nxc6 bxc6 23. b7 Qe8 24. Rb1 Nd5 25. Na6 Nc3 26. Nxb8 Qxb8 27. Rb3 Nxa4 28. Qxc6 Nb6 29. Ra1 Rd8 30. Rxb6 1-0

[Event "North Wales op 3rd"]
[Site "Llandudno"]
[Date "2018.06.23"]
[Round "3"]
[White "Surtees, Michael"]
[Black "Sciupokas, Arunas"]
[Result "1/2-1/2"]
[WhiteElo "2167"]
[BlackElo "1944"]
[PlyCount "114"]
[EventDate "2018.06.22"]
[EventType "swiss"]
[EventRounds "5"]
[EventCountry "WLS"]
[SourceTitle "EXT 2020"]
[Source "ChessBase"]
[SourceDate "2019.10.17"]
[SourceVersion "1"]
[SourceVersionDate "2019.10.17"]
[SourceQuality "1"]

1. e4 d6 2. g3 Nf6 3. Bg2 e5 4. d4 exd4 5. Ne2 Nc6 6. 0-0 Be7 7. Nxd4 Nxd4 8. Qxd4 0-0 9. Nc3 Bd7 10. h3 Qc8 11. Kh2 Bc6 12. Be3 b5 13. a4 a6 14. Rfe1 Qb7 15. Nd5 Nxd5 16. exd5 Bd7 17. a5 Bf6 18. Qb4 Bf5 19. c4 Rab8 20. c5 Rfe8 21. g4 Bg6 22. f4 Bd3 23. cxd6 cxd6 24. g5 Be7 25. Rac1 Bf5 26. Bb6 Qa8 27. Bc7 Rbc8 28. Bf3 Qa7 29. Bb6 Qd7 30. Bg2 Bf8 31. Qd2 Rxe1 32. Qxe1 Rxc1 33. Qxc1 Qc8 34. Qc6 Bd7 35. Qc7 Qxc7 36. Bxc7 Be7 37. Bf3 Kf8 38. Be4 h6 39. h4 f6 40. gxh6 gxh6 41. f5 Be8 42. Bf3 Bf7 43. b4 Ke8 44. Bb6 Bf8 45. Bd4 Ke7 46. Kg3 Bg7 47. Kf4 Kd7 48. Ke4 Kc7 49. Bb6+ Kd7 50. Be2 Kc8 51. Be3 Bf8 52. Bf4 Kc7 53. Be3 Bg7 54. Bb6+ Kc8 55. Kd4 Bf8 56. Ke4 Bg7 57. Bd4 Kc7 1/2-1/2